E.R. Characters - Statistics

General Stats
  • This quiz has been taken 59 times
  • The average score is 37 of 126
Answer Stats
Hint Answer % Correct
Main ER Doctor John Carter
100%
Family Member Chase Carter
96%
Main ER Doctor Mark Greene
96%
Family Member Milicent Carter
93%
Main Surgeon Peter Benton
93%
Family Member Reese Benton
89%
Family Member Mae Benton
85%
Main ER Nurse Carol Hathaway
81%
Main ER Doctor Doug Ross
81%
Family Member Rachel Greene
81%
Family Member David Greene
74%
Main ER Doctor Susan Lewis
74%
Family Member Jennifer Greene
70%
Main ER Doctor Kerry Weaver
70%
Family Member Chloe Lewis
67%
Main ER Doctor Luka Kovac
67%
Main ER Nurse/Doctor Abby Lockhart
63%
Family Member Helen Hathaway
63%
Family Member Joe Kovac
59%
Main Surgeon Robert Romano
59%
Main Surgeon Elizabeth Corday
56%
Main ER Doctor Gregory Pratt
48%
Main ER Doctor Jing-Mei Chen
48%
Med Student Laverne St John
48%
Family Member Chaz Pratt
44%
Main ER Doctor Dave Malucci
44%
Chief of staff/Surgeon Donald Anspaugh
44%
Family Member Isabelle Corday
44%
Main ER Doctor Lucy Knight
44%
Main ER Doctor Michael Gallant
44%
Family Member Alex Taggart
41%
Main ER Doctor Archie Morris
41%
Main ER Doctor Cleo Finch
41%
Chief of staff/Surgeon David Morgenstern
41%
Main ER Doctor Jeannie Boulet
41%
Main ER Nurse Samantha Taggart
41%
Main ER Doctor Anna Del Amico
37%
Main ER Doctor/Surgeon Neela Rasgotra
37%
Main ER Doctor Tony Gates
37%
Family Member Al Boulet
33%
ER Nurse Haleh Adams
30%
Family Member Chuck Martin
26%
ER Nurse Chuny Marquez
26%
ER Clerk Frank Martin
26%
ER Clerk Jerry Markovic
26%
Surgeon Lucien Dubenko
26%
ER Doctor Maggie Doyle
26%
Main ER Doctor Ray Barnett
26%
Surgeon Angela Hicks
22%
Main ER Doctor Cate Banfield
22%
ER Clerk Cynthia Hooper
22%
Med Student Dennis Gant
22%
ER Clerk E-Ray
22%
ER Nurse Lydia Wright
22%
Police officer Reggie Moore
22%
Family Member Russell Banfield
22%
O.R. Nurse Shirley
22%
Med student Tracy Martin
22%
Surgeon Abby Keaton
19%
Med Student Harper Tracy
19%
ER Doctor Kevin Moretti
19%
Family Member Makemba "Kem" Likasu
19%
Family Member Meg Riley
19%
EMT Ray Shephard
19%
Family Member Sandy Lopez
19%
Family Member Sarah Riley
19%
Main ER Doctor Simon Brenner
19%
ER Doctor Victor Clemente
19%
ER Nurse Wendy Goldman
19%
ER Nurse Yosh Takata
19%
Family Member Carla Reece
15%
Surgeon Carl Vucelich
15%
ER Nurse Connie Oligario
15%
EMT Doris Pickman
15%
Family Member Eric Wyczenski
15%
Family Member Jackie Robbins
15%
Cardiologist Jack Kayson
15%
Ob-gyn Janet Coburn
15%
ER Nurse Lily Jarvik
15%
Family Member Maggie Wyczenski
15%
ER Nurse Malik McGrath
15%
EMT Morales
15%
EMT Pamela Olbes
15%
ER Clerk Timmy Rawlins
15%
Family Member Walter Robbins
15%
Social worker Adele Newman
11%
Aanesthesiologist Alexander Babcock
11%
Police officer Al Grabarsky
11%
EMT Bardelli
11%
EMT Brian Dumar
11%
Psychiatrist Carl Deraad
11%
EMT Christine Harms
11%
Patient Curtis Ames
11%
Surgeon Dale Edson
11%
Psychiatrist David Cvetic
11%
ER Nurse Dawn Archer
11%
Surgeon Dustin Crenshaw
11%
EMT Dwight Zadro
11%
ER Nurse Eve Peyton
11%
ER Doctor Gabriel Lawrence
11%
Surgeon Jessica Albright
11%
Patient Loretta Sweet
11%
Med Student Paul Grady
11%
ER Clerk Randi Fronczack
11%
Family Member Roger McGrath
11%
Surgeon Sarah Langworthy
11%
ER Doctor Skye Wexler
11%
Med Student Bettina DeJesus
7%
Med Student Daria Wade
7%
Doctor Ellis West
7%
Med student Harold Zelinsky
7%
Med Student Hope Bobeck
7%
Med Student Jake Scanlon
7%
Med student Jane Figler
7%
Physiotherapist John Taglieri
7%
Surgeon Katey Alvaro
7%
Psychiatrist Kim Legaspi
7%
Med rep Linda Farrell
7%
Psychiatrist Paul Myers
7%
Family Member Roxanne Please
7%
Radiologist Steven Flint
7%
Psychiatrist Wendall Meade
7%
Doctor Debbie
4%
Family Member Diane Leeds
4%
Patient Mobalage Ikabo
4%
ER Doctor William 'Wild Willy' Swift
4%
No matching quizzes found
Score Distribution
Percent of People with Each Score
Percentile by Number Answered
Your Score History
You have not taken this quiz